Gulliver en el país de los gigantes

Na minha lista:
Detalhes bibliográficos
Autor principal: Swift, Jonathan (Author)
Formato: Livro
Idioma:espanhol
Publicado em: Ciudad de México Origen 1989
Colecção:Colección Cuentos y Fábulas
Assuntos:
Tags: Adicionar Tag
Sem tags, seja o primeiro a adicionar uma tag!

MARC

LEADER 00000nam a2200000 a 4500
001 UCW7347
003 CL-VaPUC
008 921110e19890000MX |||||||||||||||||spa|d
082 0 4 |a 821  |b SWI  |2 21 
100 0 |a Swift, Jonathan  |e author  |9 265806 
245 1 0 |a Gulliver en el país de los gigantes 
300 |a 121 p 
942 |c BK 
945 |d 19921110 00:00:00 
260 |a Ciudad de México  |b Origen  |c 1989 
650 0 |a Novelas inglesas  |9 265220 
650 0 |a Literatura infantil   |9 307465 
583 |a last modification  |c 19921110 00:00:00  |k Rodrigo Vera 
490 0 |a Colección Cuentos y Fábulas 
999 |c 220134  |d 220132 
952 |0 0  |1 0  |4 0  |6 821_000000000000000_SWI_1989  |7 0  |8 A  |9 211965  |a BIBEDU  |b BIBEDU  |d 2019-11-15  |i 2801930  |o 821 SWI 1989  |p 2801930  |r 2019-11-15  |w 2019-11-15  |y BK  |k EDU 
952 |0 0  |1 0  |4 0  |6 821_000000000000000_SWI_1989  |7 0  |8 A  |9 211966  |a BIBEDU  |b BIBEDU  |d 2019-11-15  |i 2801949  |o 821 SWI 1989  |p 2801949  |r 2019-11-15  |w 2019-11-15  |y BK  |k EDU 
952 |0 0  |1 0  |4 0  |6 821_000000000000000_SWI_1989  |7 0  |8 A  |9 211967  |a BIBEDU  |b BIBEDU  |d 2019-11-15  |i 2801957  |o 821 SWI 1989  |p 2801957  |r 2019-11-15  |w 2019-11-15  |y BK  |k EDU